Giọng điệu thơ Nguyễn Trọng Tạo sau 1975

Thơ Nguyễn Trọng Tạo sau 1975 – Khuôn mặt đa diện của cái tôi trữ tình. Thơ Nguyễn Trọng Tạo sau 1975 – Hợp âm của những sắc thái giọng điệu. Một số phương thức thể hiện giọng điệu thơ Nguyễn Trọng Tạo sau 1975

Uloženo v:
Podrobná bibliografie
Hlavní autor: Lê Minh Hà Vân
Další autoři: Bùi Bích Hạnh TS. (Hướng dẫn)
Médium: Kniha
Jazyk:Vietnamese
Vydáno: Đà Nẵng Đại học Sư phạm, Đại học Đà Nẵng 2013
Témata:
Tagy: Přidat tag
Žádné tagy, Buďte první, kdo otaguje tento záznam!
Thư viện lưu trữ: Mạng thư viện Đại học Đà Nẵng
LEADER 01749nam a2200385 4500
001 000018971
003 15406
005 20140312150313.0
008 140225s2013 viesd
041 |a vie 
072 |a VH 
082 1 4 |a 895.922134  |b LÊ-V 
100 1 |a Lê Minh Hà Vân 
245 1 0 |a Giọng điệu thơ Nguyễn Trọng Tạo sau 1975  |c Lê Minh Hà Vân ; Bùi Bích Hạnh hướng dẫn  |k Khóa luận tốt nghiệp 
260 |a Đà Nẵng  |b Đại học Sư phạm, Đại học Đà Nẵng  |c 2013 
300 |a 79 tr.  |c 29 cm. 
500 |a Khóa luận tốt nghiệp đại học. Chuyên ngành: Cử nhân Văn học 
520 |a Thơ Nguyễn Trọng Tạo sau 1975 – Khuôn mặt đa diện của cái tôi trữ tình. Thơ Nguyễn Trọng Tạo sau 1975 – Hợp âm của những sắc thái giọng điệu. Một số phương thức thể hiện giọng điệu thơ Nguyễn Trọng Tạo sau 1975 
600 1 4 |a Nguyễn Trọng Tạo  |d 1947- 
650 0 4 |a Thơ Việt Nam  |v Khóa luận tốt nghiệp  |x Nguyễn Trọng Tạo 
653 |a Thơ Việt Nam 
653 |a Giọng điệu thơ 
653 |a Khoa Ngữ văn 
653 |a Văn học Việt Nam 
700 1 |a Bùi Bích Hạnh  |c TS.  |e Hướng dẫn 
OWN |a LSP 
AVA |a UDN50  |b LSP  |d 895.922134 LÊ-V  |e available  |t Error 5001 Not defined in file expand_doc_bib_avail.  |f 1  |g 0  |h N  |i 0  |k 1 
999 |a From the UDN01 
AVA |a UDN50  |b LSP  |d 895.922134 LÊ-V  |e available  |t Error 5001 Not defined in file expand_doc_bib_avail.  |f 1  |g 0  |h N  |i 0  |k 1 
TYP |a Monograph 
TYP |a Printed language 
980 |a Mạng thư viện Đại học Đà Nẵng